000 01478nam a2200481 i 4500
001 44761
003 KOSZ 005
005 20220401095142.0
008 970510s1995 pl f |000 0 pol
015 _aUWD 1995/8074
020 _a8385701478
035 _a991000103859705066
035 _a(PL-WaBN)b10071982-48omnis_nlop
035 _ab10071982
035 _a(OCoLC)749668274
035 _azz2006841901
035 _a(PL)b0000001007198
035 _a(EXLNZ-48OMNIS_NETWORK)9910259940705606
040 _aWA N
_cWA N
_dKR U
_dKOSZ 005/HR
046 _k1995
080 _a004.451
080 _a(07)
100 1 _aMarczyński, Jerzy
_eAutor
245 1 0 _aUnix :
_bużytkowanie i administrowanie /
_cJerzy Marczyński.
260 _aGliwice :
_b"Helion",
_c1995.
300 _a423 s. ;
_c24 cm.
336 _aTekst
_btxt
_2rdacontent
337 _aBez urządzenia pośredniczącego
_bn
_2rdamedia
338 _aWolumin
_bnc
_2rdacarrier
380 _aKsiążki
380 _aPublikacje fachowe
388 _a1901-2000
388 _a1989-2000
504 _aBibliogr. s. 422-423.
650 7 _aSystemy operacyjne
_2DBN
650 7 _aUNIX
_2DBN
655 7 _aPodręcznik
_2DBN
658 _aInformatyka i technologie informacyjne
710 2 _aHelion
_4pbl
856 _uhttp://koha.tu.koszalin.pl/cgi-bin/koha/opac-detail.pl?biblionumber=44761
_yKatalog online BPK
942 _2UKD
_cKS
999 _c44761
_d44761